Online Catalogue and eLibrary

Feminism and the contradictions of oppression / (Record no. 33)

MARC details
000 -LEADER
fixed length control field 00700pam a2200241 a 4500
001 - CONTROL NUMBER
control field 1964998
005 - DATE AND TIME OF LATEST TRANSACTION
control field 20231122014429.0
008 - FIXED-LENGTH DATA ELEMENTS--GENERAL INFORMATION
fixed length control field 880630s1989 enk b 001 0 eng
020 ## - INTERNATIONAL STANDARD BOOK NUMBER
ISBN 0415028353
020 ## - INTERNATIONAL STANDARD BOOK NUMBER
ISBN 0415028361 (pbk.)
040 ## - CATALOGING SOURCE (பட்டியலாக்க மூலம்)
Original cataloging agency DLC
Transcribing agency DLC
Modifying agency DLC
082 00 - DDC Classification
Class No. 305.4/2
DDC Edition Number 19
Item Number - Author Mark CAR
100 1# - MAIN ENTRY--PERSONAL NAME
Personal name Ramazanoglu, Caroline,
245 10 - TITLE STATEMENT
Title Feminism and the contradictions of oppression /
Statement of responsibility, etc. Caroline Ramazanoglu.
260 ## - PUBLICATION, DISTRIBUTION, ETC.
Place of publication, distribution, etc. London ;
-- New York :
Name of publisher, distributor, etc. Routledge,
Date of publication, distribution, etc. 1989.
300 ## - PHYSICAL DESCRIPTION
Extent (e.g. Volumes, Pages etc.) ix, 218 p. ;
500 ## - GENERAL NOTE
General note Includes index.
650 #0 - SUBJECT ADDED ENTRY--TOPICAL TERM
Topical term or geographic name entry element Feminism.
650 #0 - SUBJECT ADDED ENTRY--TOPICAL TERM
Topical term or geographic name entry element Patriarchy.
650 #0 - SUBJECT ADDED ENTRY--TOPICAL TERM
Topical term or geographic name entry element Women's rights.
856 42 - ELECTRONIC LOCATION AND ACCESS
Uniform Resource Identifier <a href="http://www.loc.gov/catdir/enhancements/fy0648/88018509-d.html">http://www.loc.gov/catdir/enhancements/fy0648/88018509-d.html</a>
942 ## - Koha item type (Biblio)
Koha item type Books in Stacks (Lending)
Holdings
Lost status Damaged status Collection code Home library Current library Date acquired Full call number Accession Number Item type
    Lending WERC Library WERC Library 11/20/2023 305.4/2 CAR 3609 Books in Stacks (Lending)

© WERC Library